000 01002nam a2200253Ia 4500
003 OSt
005 20221005104951.0
006 a|||||r|||| 00| 0
007 ta
008 221004b |||||||| |||| 00| 0 hin d
020 _a9788185999890 (hbk)
_c495
024 _a102359
037 _b367, 04/03/2010, Swaraj Prakashan
_cTextual
040 _aCRL
_cCRL
_bhin
041 _2hin
_ahin
082 _aO152,3NMA,1:g, Q0
100 _aयादव, बीर पाल सिंह, संपा.
_9623845
245 0 _aदलित मुक्ति के प्रश्न वाया मुक्ति - पथ
246 _aDalit mukti ke prashna vāyā mukti - patha
260 _aदिल्ली
_bस्वराज प्रकाशन भारत
_c2010
300 _a304पृ0
_ccm.
942 _hO152,3NMA,1:g, Q0
_cTEXL
_2cc
999 _c1014328
_d1014328